Metodología para la vigilancia de un deslizamiento activo mediante instrumentos de bajo costo
Збережено в:
| Автор: | |
|---|---|
| Формат: | Книга |
| Опубліковано: |
San José, C.R.
2002
|
| Предмети: | |
| Теги: |
Додати тег
Немає тегів, Будьте першим, хто поставить тег для цього запису!
|
MARC
| LEADER | 00000nam a2200000Ia 4500 | ||
|---|---|---|---|
| 003 | 009025 | ||
| 005 | 20221231144151.0 | ||
| 008 | 140114s2002 cr a m 000 ||s d | ||
| 040 | |c cru CEDI | ||
| 090 | |a TFG 4586 | ||
| 100 | |a Molina Carpio, Luis Guillermo |9 7185 | ||
| 245 | |a Metodología para la vigilancia de un deslizamiento activo mediante instrumentos de bajo costo | ||
| 260 | |c 2002 |a San José, C.R. | ||
| 300 | |a 162 hojas (algunas plegables) : ilustraciones (algunas a color), mapas (algunos plegables,) | ||
| 500 | |a Tesis (licenciatura en ingeniería civil)--Universidad de Costa Rica. Facultad de Ingeniería. Escuela de Ingeniería Civil | ||
| 650 | |x DESPRENDIMIENTOS DE TIERRAS |x PREVENCION |x MEDICIONES |x EQUIPO Y ACCESORIOS |x DESASTRES NATURALES |x SAN MIGUEL (CACHI, PARAISO, CARTAGO, COSTA RICA) |9 7186 | ||
| 942 | |c TFG | ||
| 999 | |c 17859 |d 17859 | ||
